000 00353 a2200169 4500
001 161499
020 _a85-281-0083-9
040 _cMagnum
100 _aLouzeiro, José
240 1 0 _aPraça das dores
_lpor
245 1 0 _aPraça das dores
300 _a59
362 0 _a1994
440 1 _aSalamandra
697 _aLITERATURA JUVENIL
942 _cBK
999 _c161499
_d161499